000 00578nam a22002057a 4500
003 UA-OsUOA
001 11224
007 ta
008 20050303b un ||||| |||| 00| 0 ukr d
100 _aРуснак І.
942 _cSA
040 _aUA-OsUOA
_bukr
_cUA-OsUOA
_dUA-OsUOA
245 _aКохання - шлюб - щастя : (не зовсім ювілейні роздуми над прозою Уласа Самчука)
300 _aС.27 - 38
955 _a0
041 _aukr
044 _aUA
773 0 _w0
650 7 _aЛітературознавство
_2UDC
999 _c297385
_d297385